3G mobile networks : architecture, protocols and procedures : based on 3GPP specifications for UMTS WCDMA networks (Record no. 8402)

000 -LEADER
fixed length control field 01073 a2200217 4500
020 ## - INTERNATIONAL STANDARD BOOK NUMBER
International Standard Book Number 0071451013
040 ## - CATALOGING SOURCE
Original cataloging agency DLC
Language of cataloging DLC
082 04 - DEWEY DECIMAL CLASSIFICATION NUMBER
Classification number 621.38456
100 1# - MAIN ENTRY--PERSONAL NAME
Personal name Kasera, Sumit.
245 10 - TITLE STATEMENT
Title 3G mobile networks : architecture, protocols and procedures : based on 3GPP specifications for UMTS WCDMA networks
Remainder of title architecture, protocols and procedures : based on 3GPP specifications for UMTS WCDMA networks
Statement of responsibility, etc. Sumit Kasera, Nishit Narang.
260 ## - PUBLICATION, DISTRIBUTION, ETC.
Place of publication, distribution, etc. New York :
Name of publisher, distributor, etc. McGraw-Hill,
Date of publication, distribution, etc. c2005.
300 ## - PHYSICAL DESCRIPTION
Extent xxviii, 570 p. :
Other physical details ill. ;
Dimensions 25 cm.
440 #0 - SERIES STATEMENT/ADDED ENTRY--TITLE
Title McGraw-Hill professional engineering.
650 #0 - SUBJECT ADDED ENTRY--TOPICAL TERM
Topical term or geographic name entry element Mobile communication systems.
650 #0 - SUBJECT ADDED ENTRY--TOPICAL TERM
Topical term or geographic name entry element Universal Mobile Telecommunications System.
700 1# - ADDED ENTRY--PERSONAL NAME
Personal name Narang, Nishit.
856 42 - ELECTRONIC LOCATION AND ACCESS
Materials specified Contributor biographical information
Uniform Resource Identifier <a href="http://www.loc.gov/catdir/enhancements/fy0627/2005295933-b.html">http://www.loc.gov/catdir/enhancements/fy0627/2005295933-b.html</a>
856 42 - ELECTRONIC LOCATION AND ACCESS
Materials specified Publisher description
Uniform Resource Identifier <a href="http://www.loc.gov/catdir/enhancements/fy0627/2005295933-d.html">http://www.loc.gov/catdir/enhancements/fy0627/2005295933-d.html</a>
856 42 - ELECTRONIC LOCATION AND ACCESS
Materials specified Table of contents only
Uniform Resource Identifier <a href="http://www.loc.gov/catdir/enhancements/fy0627/2005295933-t.html">http://www.loc.gov/catdir/enhancements/fy0627/2005295933-t.html</a>
942 ## - ADDED ENTRY ELEMENTS (KOHA)
Koha item type Book
Call number prefix 621.38456 KAS
Source of classification or shelving scheme
Holdings
Withdrawn status Lost status Damaged status Not for loan Collection code Permanent Location Current Location Shelving location Date acquired Source of acquisition Cost, normal purchase price Total Checkouts Full call number Barcode Date last seen Price effective from Koha item type
          Central Library (CL) Central Library (CL) General Stacks 05/17/2006 Allied Book Company 6435.38   621.38456 KAS SEECS007281 11/14/2012 01/05/2017 Book
          Central Library (CL) Central Library (CL) General Stacks 05/17/2006 Allied Book Company 6435.38   621.38456 KAS SEECS007280 11/14/2012 01/05/2017 Book
          Central Library (CL) Central Library (CL) General Stacks 01/13/2007 Allied Book Company 680.97   621.38456 KAS SEECS007973 11/14/2012 01/05/2017 Book
© 2023 Central Library, National University of Sciences and Technology. All Rights Reserved.